000 00581nam a2200181Ia 4500
008 140925s9999 xx 000 0 und d
020 _a1929-9192
245 _aCanadian Journal of Disability Studies /
_h[electronic resource]
260 _bCanadian Disability Studies Association,
_cc2014.
516 _aElectronic text
650 _aDisabilities.
650 _aJournal.
650 _aSpecial Education.
830 _aCanadian Disability Studies Association
856 _uhttp://cjds.uwaterloo.ca/index.php/cjds/issue/view/9
942 _cEJ
999 _c275717
_d275717